Statistics for German to English 2

Click here to take the quiz!

General Stats

  • This quiz has been taken 47 times
  • The average score is 11 of 15

Answer Stats

DeutschEnglish% Correct
Babybaby
95%
Frauwoman
95%
Mannman
95%
normalnormal
95%
der/die/dasthe
93%
Insektinsect
93%
Hungerhunger
93%
gutgood
89%
Tagday
89%
Kaesecheese
70%
ausfrom
64%
keinenone
52%
Zaeubererwizard
30%
ein/einea/an
25%
Kaeferbeetle
25%

Score Distribution

Percentile by Number Answered

Percent of People with Each Score

Your Score History

You have not taken this quiz